| 000 | 00978nam a2200277 i 4500 | ||
|---|---|---|---|
| 001 | bg | ||
| 100 | 1 | _aWHIDDETT, Steve. | |
| 245 | 1 | 0 |
_aModele kompetencyjne w zarządzaniu zasobami ludzkimi / _cSteve Whiddett, Sarah Hollyforde ; przeł. Grzegorz Sałuta. |
| 260 |
_aKraków : _bOficyna Ekonomiczna. Oddział Polskich Wydawnictw Profesjonalnych, _c2003. |
||
| 300 |
_a239 s. ; _c24 cm. |
||
| 490 | 1 | _aZarządzanie Zasobami Ludzkimi (HR) | |
| 504 | _aBibliogr. - Indeks. | ||
| 650 | 9 |
_aKadry _xpolityka |
|
| 650 | 9 |
_aPrzedsiębiorstwo _xzatrudnienie |
|
| 700 | 1 | _aHOLLYFORDE, Sarah | |
| 700 | 1 |
_aSAŁUTA, Grzegorz. _eTł. |
|
| 830 | _aZarządzanie Zasobami Ludzkimi (HR) | ||
| 020 | _a838935506X | ||
| 040 | _cBPK | ||
| 041 | 1 |
_apol _heng |
|
| 080 | _a331.108:658.3 | ||
| 920 | _a83-89355-06-X | ||
| 942 | _cKS | ||
| 008 | s pl f |000 0 pol | ||
| 999 |
_c43305 _d43305 |
||
| 856 |
_uhttp://koha.tu.koszalin.pl/cgi-bin/koha/opac-detail.pl?biblionumber=43305 _yKatalog online BPK |
||